000 00606cam a2200193 a 4500
001 000018968
005 20200929165906.0
008 830419s1963 ag 000 1 spa d
040 _aDO-SdBNP
_bspa
_cLC
_dBNPHU
082 _aA863.44
_bD448u
100 1 _aDescotte, Mario Luis.
_917269
245 1 3 _aLa última vuelta del trompo :
_bcrónica portena del año 1930 /
_cMario Lucas Descotte.
260 _aBuenos Aires :
_bErgon,
_c1963.
300 _a216 p. ;
_c18 cm.
650 4 _aNovela argentina
_93941
650 4 _aLiteratura argentina
_93860
910 _aCatalogación derivada / LC
049 _aBNGR
999 _c18486
_d18486